[Event "Dortmund op-B"]
[Site "Dortmund"]
[Date "2009.07.12"]
[Round "9"]
[White "Bashylin, Seva"]
[Black "Weiss, Malte"]
[Result "0-1"]
[WhiteElo "1712"]
[BlackElo "1779"]
[PlyCount "86"]
[EventDate "2009.07.04"]
[EventType "swiss"]
[EventRounds "9"]
[EventCountry "GER"]
[SourceTitle "EXT 2012"]
[Source "ChessBase"]
[SourceDate "2011.11.24"]
[SourceVersion "1"]
[SourceVersionDate "2011.11.24"]
[SourceQuality "1"]

1. d4 d5 2. Nf3 Nf6 3. Bg5 e6 4. e3 c5 5. c3 Nc6 6. Bd3 Be7 7. Nbd2 cxd4 8. exd4 0-0 9. 0-0 h6 10. Bh4 a6 11. Ne5 Nxe5 12. dxe5 Nd7 13. Bxe7 Qxe7 14. f4 b5 15. Qg4 b4 16. c4 Bb7 17. cxd5 Bxd5 18. Rae1 Nc5 19. Bc2 Rad8 20. Nf3 Bxa2 21. Re3 Bc4 22. Rc1 Nd3 23. Bxd3 Bxd3 24. Ne1 Bg6 25. Qf3 a5 26. g4 Qd7 27. h4 Qd2 28. Ra1 Qxb2 29. Rxa5 Qd4 30. h5 Bh7 31. g5 b3 32. Qg3 Kh8 33. Rb5 b2 34. Rxb2 Qxb2 35. Qh4 hxg5 36. Qxg5 f6 37. Qh4 Qd4 38. Ng2 fxe5 39. fxe5 Qxh4 40. Nxh4 Rf4 41. Rh3 Kg8 42. Kg2 Rdd4 43. Kg3 Rg4+ 0-1

[Event "Dortmund op-B"]
[Site "Dortmund"]
[Date "2007.06.30"]
[Round "8"]
[White "Walter, Marvin"]
[Black "Weiss, Malte"]
[Result "1/2-1/2"]
[WhiteElo "1297"]
[BlackElo "1633"]
[PlyCount "58"]
[EventDate "2007.06.22"]
[EventType "swiss"]
[EventRounds "9"]
[EventCountry "GER"]
[SourceTitle "EXT 2008"]
[Source "ChessBase"]
[SourceDate "2007.11.25"]
[SourceVersion "1"]
[SourceVersionDate "2007.11.25"]
[SourceQuality "1"]

1. e4 c5 2. Nf3 d6 3. Bb5+ Bd7 4. Bxd7+ Nxd7 5. c4 Ngf6 6. Nc3 e5 7. d3 a6 8. 0-0 Be7 9. Bd2 0-0 10. a3 Rb8 11. b4 b5 12. Nd5 Nxd5 13. cxd5 Qc7 14. Qc2 Rfc8 15. Rfc1 Qb7 16. Qb3 Rc7 17. Ra2 Rbc8 18. Rac2 cxb4 19. axb4 Nb6 20. Rxc7 Rxc7 21. Rxc7 Qxc7 22. Qc3 Qxc3 23. Bxc3 f6 24. Kf1 Kf7 25. Ke2 f5 26. Ke3 g6 27. Ke2 Bf6 28. Ke3 fxe4 29. dxe4 Nc4+ 1/2-1/2

[Event "Dortmund Sparkassen op-B"]
[Site "Dortmund"]
[Date "2006.08.06"]
[Round "9"]
[White "Weiss, Malte"]
[Black "Bieberle, Gerhart"]
[Result "1/2-1/2"]
[WhiteElo "1520"]
[BlackElo "1639"]
[PlyCount "76"]
[EventDate "2006.07.28"]
[EventType "swiss"]
[EventRounds "9"]
[EventCountry "GER"]
[SourceTitle "CBM 113 Extra"]
[Source "ChessBase"]
[SourceDate "2006.09.14"]
[SourceVersion "1"]
[SourceVersionDate "2006.09.14"]
[SourceQuality "1"]

1. e4 c5 2. c4 Nc6 3. Ne2 g6 4. d4 cxd4 5. Nxd4 Bg7 6. Be3 Nf6 7. Nc3 0-0 8. Be2 Qc7 9. 0-0 a6 10. f3 e6 11. Qd2 Ne8 12. Rac1 d6 13. Rfd1 b6 14. b3 Rb8 15. Kh1 Bb7 16. Nxc6 Bxc6 17. Bd4 Rd8 18. Bxg7 Nxg7 19. Nd5 Bxd5 20. cxd5 Qa7 21. dxe6 Nxe6 22. Rc6 b5 23. g3 h5 24. Kg2 Kh7 25. Kf1 h4 26. f4 Qb7 27. Qd5 hxg3 28. hxg3 Qa7 29. Kg2 Qe3 30. Rh1+ Kg8 31. Bg4 Nc5 32. Rxd6 Rxd6 33. Qxd6 Nxe4 34. Rh8+ Kxh8 35. Qxf8+ Kh7 36. Qxf7+ Kh8 37. Qf8+ Kh7 38. Qf7+ Kh8 1/2-1/2

[Event "Dortmund Sparkassen op-B"]
[Site "Dortmund"]
[Date "2006.08.01"]
[Round "4"]
[White "Wiesemann, Peter"]
[Black "Weiss, Malte"]
[Result "0-1"]
[WhiteElo "1747"]
[BlackElo "1520"]
[PlyCount "36"]
[EventDate "2006.07.28"]
[EventType "swiss"]
[EventRounds "9"]
[EventCountry "GER"]
[SourceTitle "CBM 113 Extra"]
[Source "ChessBase"]
[SourceDate "2006.09.14"]
[SourceVersion "1"]
[SourceVersionDate "2006.09.14"]
[SourceQuality "1"]

1. d4 d5 2. c4 e6 3. Nc3 c6 4. Nf3 Nf6 5. Bg5 Nbd7 6. e3 Be7 7. Rc1 0-0 8. Bd3 dxc4 9. Bxc4 Nd5 10. Bxe7 Qxe7 11. 0-0 Nxc3 12. Rxc3 e5 13. Qc2 exd4 14. Nxd4 Nb6 15. Bd3 h6 16. a3 Nd5 17. Rc5 Nxe3 18. fxe3 Qxe3+ 0-1

[Event "Dortmund op-B"]
[Site "Dortmund"]
[Date "2005.07.17"]
[Round "9"]
[White "Weiss, Malte"]
[Black "Kalinowski, Alexander"]
[Result "1/2-1/2"]
[WhiteElo "1406"]
[BlackElo "1301"]
[PlyCount "94"]
[EventDate "2005.07.08"]
[EventType "swiss"]
[EventRounds "9"]
[EventCountry "GER"]
[SourceTitle "CBM 107 Extra"]
[Source "ChessBase"]
[SourceDate "2005.09.01"]
[SourceVersion "1"]
[SourceVersionDate "2005.09.01"]
[SourceQuality "1"]

1. e4 e6 2. d4 d5 3. Nd2 c6 4. c3 Ne7 5. Bd3 Ng6 6. Ndf3 Be7 7. e5 0-0 8. Ne2 Nd7 9. 0-0 b6 10. Re1 c5 11. Bd2 Nh4 12. Ng3 Nxf3+ 13. Qxf3 Bg5 14. Qh5 h6 15. Bxg5 Qxg5 16. Qxg5 hxg5 17. Bc2 Nb8 18. Rad1 Nc6 19. Ba4 Ne7 20. Re3 g6 21. Bc2 Kg7 22. Ne2 Ba6 23. Rd2 Bxe2 24. Rdxe2 Nf5 25. Bxf5 gxf5 26. Rg3 Kg6 27. f4 g4 28. Rge3 Kh5 29. g3 Rh8 30. Re1 cxd4 31. cxd4 Rac8 32. R3e2 Rc4 33. Rd2 Rhc8 34. Ree2 a5 35. Kf2 b5 36. Ke3 a4 37. Kd3 a3 38. Rc2 axb2 39. Rxb2 Rc3+ 40. Kd2 Ra3 41. Re3 Rxe3 42. Kxe3 Rc3+ 43. Kd2 Ra3 44. Kc2 b4 45. Rxb4 Rxa2+ 46. Rb2 Ra4 47. Kc3 Rc4+ 1/2-1/2

[Event "Dortmund op-B"]
[Site "Dortmund"]
[Date "2005.07.12"]
[Round "5"]
[White "Weiss, Malte"]
[Black "Henrotte, Nils"]
[Result "1-0"]
[WhiteElo "1406"]
[BlackElo "1021"]
[PlyCount "106"]
[EventDate "2005.07.08"]
[EventType "swiss"]
[EventRounds "9"]
[EventCountry "GER"]
[SourceTitle "CBM 107 Extra"]
[Source "ChessBase"]
[SourceDate "2005.09.01"]
[SourceVersion "1"]
[SourceVersionDate "2005.09.01"]
[SourceQuality "1"]

1. e4 e6 2. d4 d5 3. Nd2 Ne7 4. c3 dxe4 5. Nxe4 Nd5 6. Nf3 h6 7. Bd3 Bd7 8. 0-0 Bc6 9. Re1 Bd6 10. Nxd6+ Qxd6 11. Ne5 a6 12. Qh5 Rf8 13. Nxc6 Nxc6 14. Qg4 g5 15. Qd1 0-0-0 16. Be4 Rde8 17. Bd2 Nf6 18. Bc2 Re7 19. a4 Rfe8 20. Qf3 Ng8 21. b4 Nd8 22. b5 a5 23. Qg3 Qd5 24. Re5 Qd6 25. Rc5 Qxg3 26. hxg3 b6 27. Re5 Rd7 28. Ree1 Nf6 29. Rad1 Nb7 30. Be4 Nxe4 31. Rxe4 Nd6 32. Ree1 Nc4 33. Bc1 Red8 34. Be3 Re8 35. f4 Nxe3 36. Rxe3 Rd5 37. Re5 Red8 38. Rde1 gxf4 39. gxf4 Rxe5 40. fxe5 Rf8 41. Rf1 Kd7 42. Rf6 h5 43. Rh6 c6 44. bxc6+ Kxc6 45. Rxh5 b5 46. Rh3 bxa4 47. c4 Rb8 48. Rd3 Kd7 49. d5 Ke8 50. d6 Rb3 51. Rd4 a3 52. Rd1 Kd7 53. Kh2 Kc6 1-0

[Event "GER-chT U12"]
[Site "Verden"]
[Date "2004.12.29"]
[Round "5.4"]
[White "Weiss, Malte"]
[Black "Gharibyan, Harutyun"]
[Result "0-1"]
[WhiteElo "1368"]
[BlackElo "1704"]
[PlyCount "106"]
[EventDate "2004.12.27"]
[EventType "team-swiss"]
[EventRounds "7"]
[EventCountry "GER"]
[SourceTitle "EXT 2006"]
[Source "ChessBase"]
[SourceDate "2005.11.24"]
[SourceVersion "1"]
[SourceVersionDate "2005.11.24"]
[SourceQuality "1"]

1. e4 c5 2. c4 e6 3. Ne2 Nc6 4. d4 cxd4 5. Nxd4 Bb4+ 6. Bd2 Bxd2+ 7. Qxd2 Nge7 8. g3 d5 9. cxd5 exd5 10. Nxc6 bxc6 11. Bg2 Be6 12. 0-0 0-0 13. Re1 Rb8 14. Nc3 dxe4 15. Qxd8 Rfxd8 16. b3 f5 17. Rad1 Bd5 18. Na4 Ng6 19. Bh3 Rf8 20. Nc3 Ne5 21. Bg2 Rbd8 22. Ne2 Nd3 23. Rf1 g6 24. Nf4 Nxf4 25. gxf4 Rd7 26. f3 exf3 27. Bxf3 Rfd8 28. Bxd5+ Rxd5 29. Rxd5 Rxd5 30. Rc1 Rd6 31. Rc5 Rd1+ 32. Kf2 Rd2+ 33. Kg1 Rxa2 34. Rxc6 Rb2 35. Rc8+ Kg7 36. Rc7+ Kh6 37. Rxa7 Rxb3 38. Kg2 Rb2+ 39. Kg3 Rb8 40. Kh4 Rg8 41. Ra6 Rg7 42. Rb6 Ra7 43. Rb4 Kg7 44. Rc4 h6 45. Rb4 Kf7 46. Rc4 Re7 47. Ra4 Re4 48. Rxe4 fxe4 49. Kg3 Kf6 50. h3 Kf5 51. h4 h5 52. Kg2 Kxf4 53. Kf2 Kg4 0-1

[Event "GER-chT U12"]
[Site "Verden"]
[Date "2004.12.27"]
[Round "2.4"]
[White "Pfefferle, Nico"]
[Black "Weiss, Malte"]
[Result "1-0"]
[WhiteElo "958"]
[BlackElo "1368"]
[PlyCount "69"]
[EventDate "2004.12.27"]
[EventType "team-swiss"]
[EventRounds "7"]
[EventCountry "GER"]
[SourceTitle "EXT 2006"]
[Source "ChessBase"]
[SourceDate "2005.11.24"]
[SourceVersion "1"]
[SourceVersionDate "2005.11.24"]
[SourceQuality "1"]

1. d4 d5 2. Nf3 e6 3. Bf4 Nf6 4. e3 Nbd7 5. Nc3 Bb4 6. h3 Ne4 7. Rc1 Bxc3+ 8. bxc3 Nxc3 9. Qd3 Ne4 10. Qa3 c5 11. Bb5 b6 12. Bc6 g5 13. Be5 f6 14. Bh2 e5 15. Bxa8 cxd4 16. Bxd5 Ndc5 17. Bxe4 Nxe4 18. exd4 exd4 19. 0-0 g4 20. Rfe1 gxf3 21. Rxe4+ Kf7 22. Qb3+ Kg7 23. Qxf3 f5 24. Be5+ Kg6 25. Rxd4 Qe7 26. Qg3+ Qg5 27. Qxg5+ Kxg5 28. Bxh8 f4 29. Re1 b5 30. Re5+ Bf5 31. Rxb5 a6 32. Ra5 f3 33. Rg4+ Kh6 34. Bg7+ Kh5 35. Rxf5# 1-0

[Event "Dortmund op-B"]
[Site "Dortmund"]
[Date "2004.07.29"]
[Round "7"]
[White "Mainka, Walter"]
[Black "Weiss, Malte"]
[Result "1-0"]
[WhiteElo "1546"]
[BlackElo "1371"]
[PlyCount "167"]
[EventDate "2004.07.??"]
[EventType "swiss"]
[EventRounds "9"]
[EventCountry "GER"]
[SourceTitle "EXT 2006"]
[Source "ChessBase"]
[SourceDate "2005.11.24"]
[SourceVersion "1"]
[SourceVersionDate "2005.11.24"]
[SourceQuality "1"]

1. d4 d5 2. e3 e6 3. a3 c6 4. c4 Nf6 5. Nc3 Nbd7 6. f4 Be7 7. Nf3 0-0 8. b4 a6 9. Bb2 b5 10. c5 Bb7 11. Qc2 Ng4 12. Nd1 Ndf6 13. Bd3 g6 14. h3 Nh6 15. g4 Nd7 16. Bc3 Bh4+ 17. Nf2 Be7 18. Kd2 Re8 19. h4 f5 20. Rag1 Qc7 21. Ng5 Nf8 22. Nf3 Bd8 23. Ne5 Nf7 24. gxf5 exf5 25. Bxf5 Nxe5 26. fxe5 Qf7 27. Ng4 Kh8 28. Bd3 Bc8 29. Rf1 Qe6 30. Nf6 Bxf6 31. Rxf6 Qg4 32. Rhf1 Bf5 33. Kc1 Qh3 34. Qe2 Bxd3 35. Qxd3 Rac8 36. Be1 Nd7 37. R6f3 Qg2 38. R3f2 Qh3 39. Qe2 Rf8 40. Rf7 Rxf7 41. Rxf7 Rf8 42. Rxf8+ Nxf8 43. Qf2 Qf5 44. Qf4 Ne6 45. Qg3 Qd3 46. Kb2 Qe2+ 47. Ka1 Qd1+ 48. Kb2 Qe2+ 49. Kc1 Qc4+ 50. Kd2 Qa2+ 51. Kd1 Qxa3 52. Ke2 Qb2+ 53. Kf1 Qc2 54. Kg1 Qf5 55. Qg2 Qd3 56. Qf3 Qf5 57. Qe2 Qe4 58. Qf2 Qg4+ 59. Kh2 Qf5 60. Qa2 Nc7 61. Bg3 Qc8 62. Qa5 Qb7 63. Qb6 Qc8 64. Qxc6 a5 65. bxa5 Qa6 66. Qxc7 b4 67. Qb8+ Kg7 68. Qxb4 Qe2+ 69. Kg1 Qxe3+ 70. Bf2 Qc1+ 71. Qe1 Qf4 72. a6 Qg4+ 73. Kh2 Qc8 74. Qa5 Qb8 75. Qb6 Qf8 76. Qf6+ Qxf6 77. exf6+ Kh6 78. a7 g5 79. hxg5+ Kh5 80. a8Q Kg4 81. f7 h5 82. f8Q h4 83. Qac8+ Kh5 84. Qh6# 1-0

[Event "GER-chT U12"]
[Site "Verden an der Aller"]
[Date "2003.12.27"]
[Round "2.3"]
[White "Weiss, Malte"]
[Black "Mertens, Pauline"]
[Result "0-1"]
[WhiteElo "1148"]
[BlackElo "1245"]
[PlyCount "84"]
[EventDate "2003.12.27"]
[EventType "team-swiss"]
[EventRounds "7"]
[EventCountry "GER"]
[SourceTitle "EXT 2022"]
[Source "ChessBase"]
[SourceDate "2021.10.06"]
[SourceVersion "1"]
[SourceVersionDate "2021.10.06"]
[SourceQuality "1"]
[WhiteTeam "Brackel SF"]
[BlackTeam "Naumburg"]
[WhiteTeamCountry "GER"]
[BlackTeamCountry "GER"]

1. e4 c5 2. c4 Nc6 3. Nc3 d6 4. Nge2 Nf6 5. g3 e5 6. Bg2 g6 7. 0-0 Bg7 8. f4 exf4 9. Nxf4 0-0 10. Nfd5 Nxd5 11. Nxd5 Be6 12. d3 Bxd5 13. cxd5 Ne5 14. Rb1 Qd7 15. Be3 Ng4 16. Qe2 Nxe3 17. Kh1 Nxf1 18. Qxf1 Rae8 19. Qf3 Qe7 20. b4 cxb4 21. Rxb4 f5 22. Qd1 fxe4 23. Rxe4 Qf6 24. Rf4 Qa1 25. Rxf8+ Rxf8 26. Qxa1 Bxa1 27. h4 Rf2 28. Kg1 Rxa2 29. Be4 Bd4+ 30. Kh1 b5 31. h5 Kg7 32. h6+ Kxh6 33. g4 b4 34. g5+ Kxg5 35. Bxg6 b3 36. Bh5 b2 37. Bd1 Ra1 38. Kh2 Rxd1 39. Kg3 b1Q 40. Kg2 Qc2+ 41. Kf3 Qf2+ 42. Ke4 Re1# 0-1

[Event "Dortmund Dreikoenig-M"]
[Site "Dortmund"]
[Date "2003.01.03"]
[Round "4"]
[White "Weiss, Malte"]
[Black "Luft, Dennis"]
[Result "0-1"]
[WhiteElo "796"]
[BlackElo "1683"]
[PlyCount "32"]
[EventDate "2003.01.??"]
[EventType "tourn"]
[EventRounds "9"]
[EventCountry "GER"]
[SourceTitle "EXT 2005"]
[Source "ChessBase"]
[SourceDate "2004.11.15"]
[SourceVersion "1"]
[SourceVersionDate "2004.11.15"]
[SourceQuality "1"]

1. e4 e5 2. Nf3 Nc6 3. Nc3 Nf6 4. Bb5 Bb4 5. d3 d6 6. Bg5 h6 7. Bh4 Bg4 8. h3 Be6 9. 0-0 Bxc3 10. bxc3 a6 11. Bxc6+ bxc6 12. Rb1 Qd7 13. a3 Rg8 14. Bxf6 gxf6 15. g4 Bxg4 16. hxg4 Qxg4+ 0-1

[Event "Dortmund Dreikoenig-M"]
[Site "Dortmund"]
[Date "2003.01.03"]
[Round "3"]
[White "Zeldin, Leonid"]
[Black "Weiss, Malte"]
[Result "1-0"]
[WhiteElo "1581"]
[BlackElo "796"]
[PlyCount "47"]
[EventDate "2003.01.??"]
[EventType "tourn"]
[EventRounds "9"]
[EventCountry "GER"]
[SourceTitle "EXT 2005"]
[Source "ChessBase"]
[SourceDate "2004.11.15"]
[SourceVersion "1"]
[SourceVersionDate "2004.11.15"]
[SourceQuality "1"]

1. e4 e5 2. Nf3 Nc6 3. Bb5 d6 4. d4 exd4 5. Nxd4 Bd7 6. 0-0 Be7 7. Re1 Nh6 8. Bxh6 gxh6 9. Nxc6 Bxc6 10. Bc4 Rg8 11. Qh5 Rg7 12. g3 b6 13. Nc3 Bb7 14. Rad1 Qd7 15. e5 a6 16. exd6 cxd6 17. Qxh6 Qc6 18. Bd5 Qd7 19. Qxg7 Kd8 20. Qxf7 Bxd5 21. Nxd5 Rb8 22. Rxe7 Qxe7 23. Qxe7+ Kc8 24. Qc7# 1-0

[Event "Dortmund Dreikoenig-M"]
[Site "Dortmund"]
[Date "2003.01.02"]
[Round "2"]
[White "Weiss, Malte"]
[Black "Heyden, Jonas"]
[Result "0-1"]
[WhiteElo "796"]
[BlackElo "1622"]
[PlyCount "38"]
[EventDate "2003.01.??"]
[EventType "tourn"]
[EventRounds "9"]
[EventCountry "GER"]
[SourceTitle "EXT 2005"]
[Source "ChessBase"]
[SourceDate "2004.11.15"]
[SourceVersion "1"]
[SourceVersionDate "2004.11.15"]
[SourceQuality "1"]

1. e4 e5 2. Nf3 Nc6 3. Bb5 a6 4. Bxc6 dxc6 5. Nc3 Bd6 6. d3 Bg4 7. h3 Bh5 8. Bg5 Nf6 9. 0-0 Qe7 10. Bxf6 Qxf6 11. a3 0-0-0 12. Qe2 g5 13. Qe3 Rdg8 14. b4 g4 15. hxg4 Bxg4 16. Nh2 h5 17. Nxg4 hxg4 18. Qa7 Qh4 19. f3 g3 0-1